Statistics for Iverson allstars teammates

Click here to take the quiz!

General Stats

  • This quiz has been taken 10 times
  • The average score is 7 of 19

Answer Stats

# allstarsPlayerWhen they were teammatesWhere they were teammates% Correct
8Mutombo2000-200276ers
100%
10Anthony2006-2008Nuggets
90%
3Gasol2009Grizzlies
80%
3Hamilton2008-2009Pistons
60%
5Webber2004-200676ers
60%
4Wallace2008-2009Pistons
50%
2Brand2009-201076ers
40%
1Hill1998-200176ers
40%
1Iguodala2004-2006 & 2009-201076ers
40%
1Korver2003-200676ers
40%
2Randolph2009Grizzlies
30%
1Ratliff1997-200176ers
30%
1Coleman1996-1998 & 2001-200476ers
20%
1Holiday2009-201076ers
20%
2Stackhouse1996-199776ers
20%
4Chambers1997-199876ers
10%
2Cummings1997-199876ers
0%
1Howard2008Nuggets
0%
2Robinson2003-200476ers
0%

Score Distribution

Percentile by Number Answered

Percent of People with Each Score

Your Score History

You have not taken this quiz